| 000 | 00535nam a2200181Ia 4500 | ||
|---|---|---|---|
| 005 | 20250326125534.0 | ||
| 008 | 250326s9999 xx 000 0 und d | ||
| 037 | _aTextbook | ||
| 040 |
_aFMSL _beng _cFMSL |
||
| 041 |
_aeng _2eng |
||
| 084 |
_aSigma a 1966 _qFMSL |
||
| 100 | _aPareek U | ||
| 245 | 0 |
_aGuide to Indian behavioural science periodicals _cPareek U; Kumar V K |
|
| 260 |
_aDelhi _bDelhi, Behavioural Science Centre _c1966 |
||
| 300 | _a128p | ||
| 942 |
_cTB _hSigma a 1966 |
||
| 999 |
_c1278487 _d1278487 |
||